000 00781nam0a2200241 4500
001 RU\NLR\BIBL_A\012062548
005 20260407063831.0
035 _a(NLR Aleph) 012062548
090 _a13423487
_c13423487
100 _a20190724d1956 |||y0rusy50 ca
101 0 _achv
102 _aRU
105 _ay z 000 y
200 1 _aГотӑри программӑна критиклени
_fК. Маркс
210 _aШупашкар
_cЧӑваш АССР Гос. Изд-ви
_d1956
215 _a43, [1] с.
_d20
541 1 _aКритика готской программы
_zrus
686 1 _aА13
700 1 _4070
_8rus
_7ca
_aМаркс
_bК.
_f1818-1883
_gКарл
_3RU\NLR\AUTH\7713844
_9123526
852 _aNLR
_bОНЛ
_jЧув./2-1489
942 _cBOOK
980 _aNB